Statistiken für Hard Rock Cafe Standorte Weltweit

Klicken Sie hier um das Quiz zu spielen!

Allgemein

  • Dieses Quiz wurde 128 mal gespielt
  • Das Durchschnittsergebnis liegt bei 60 aus 159

Antwortstatistiken

HintAntwort% Korrekt
NiederlandeAmsterdam
96%
SpanienBarcelona
94%
DeutschlandBerlin
93%
SpanienMadrid
93%
GriechenlandAthen
86%
GBLondon
86%
GBLondon Oxford Street
86%
GBLondon Piccadilly Circus
86%
USANew York
86%
USANew York Yankee Stadium
86%
DeutschlandHamburg
84%
USALos Angeles
84%
DeutschlandMünchen
84%
AndorraAndorra la Vella
82%
ItalienRom
82%
DeutschlandKöln
78%
FrankreichParis
78%
IrlandDublin
77%
ItalienMailand
77%
BelgienBrüssel
76%
ÖsterreichWien
76%
PortugalLissabon
75%
ThailandBangkok
72%
JapanTokio Roppongi
72%
JapanTokio Uyeno Eki
72%
ArgentinienBuenos Aires
71%
TschechienPrag
71%
UngarnBudapest
70%
ArgentinienBuenos Aires Aeroparque
70%
ArgentinienBuenos Aires Puerto Madero
70%
ArgentinienEzeiza Airport
70%
SchwedenStockholm
69%
DänemarkKopenhagen
68%
USASan Francisco
68%
FinnlandHelsinki
67%
GBManchester
66%
RusslandMoskau
66%
USAChicago
64%
RumänienBukarest
63%
VAEDubai Airport
62%
IndienMumbai
62%
SpanienValencia
62%
ItalienVenedig
62%
VAEDubai
61%
AserbaidschanBaku
60%
USAMiami
60%
KolumbienBogota
59%
SpanienSevilla
59%
SingapurSingapur
59%
USAWashington
59%
USAHouston Airport
58%
FrankreichLyon
58%
PortugalPorto
58%
IslandReykjavík
57%
SüdafrikaJohannesburg
52%
PolenKrakau
52%
ParaguayAsunción
50%
USAAtlanta
50%
ItalienFlorenz
50%
USALas Vegas
50%
PhilippinenManila
50%
IndonesienJakarta
49%
ChileSantiago de Chile
49%
MaltaValetta
49%
GBGlasgow
47%
PolenDanzig
45%
USASeattle
45%
GBEdinburgh
44%
UruguayMontevideo
44%
FrankreichNizza
44%
ÖsterreichInnsbruck
43%
SpanienMálaga
43%
SchwedenGöteborg
42%
NigeriaLagos
42%
NepalKathmandu
41%
KambodschaPhnom Penh
41%
JapanOsaka
40%
PanamaPanama-Stadt
40%
USAPhiladelphia
40%
SüdafrikaPretoria
38%
USADenver
36%
MalaysiaKuala Lumpur
35%
MongoleiUlaanbaatar
34%
USAOrlando
32%
MontenegroPodgorica
32%
PolenBreslau
31%
SpanienMallorca
31%
USANew Orleans
31%
Dominikanische RepublikSanto Domingo
30%
RusslandSankt Petersburg
29%
USABaltimore
28%
SpanienIbiza
28%
NicaraguaManagua
24%
ThailandPhuket
23%
USASan Antonio
23%
ItalienVerona
23%
JapanYokohama
23%
Cayman IslandsGeorge Town
22%
GuyanaGeorgetown
22%
SpanienLas Palmas de Gran Canaria
21%
MexikoCancún
20%
USAPittsburgh
20%
ÄgyptenHurghada
19%
USANashville
17%
GBNewcastle
17%
BrasilienFortaleza
16%
USATampa
16%
USATampa Airport
16%
MaltaMalta Airport
15%
USAMemphis
15%
USAHonolulu
14%
IndienHyderabad
13%
IndienHyderabad Hitech City
13%
USASacramento
13%
IndienBengaluru
12%
IndienBengaluru Whitefield
12%
ChinaShenzhen
10%
KambodschaAngkor
9%
ThailandPattaya
8%
IndonesienDenpasar
7%
ZypernAgia Napa
6%
KolumbienCartagena
6%
USACincinnati
6%
BolivienSanta Cruz de la Sierra
6%
SaipanGrapan
5%
ChinaTianjin
5%
ThailandChiang Mai
4%
ÄgyptenScharm asch-Schaich
4%
USAAtlantic City
3%
BrasilienCurtiba
3%
USAKey West
3%
KanadaNiagara Falls
3%
MalaysiaPenang
3%
USAHollywood (Florida)
2%
MalaysiaJohor Bahru
2%
ArgentinienUshuaia
2%
USABiloxi
1%
MexikoCozumel
1%
USAGary
1%
MalaysiaMalakka
1%
MexikoPlaya del Carmen
1%
Puerto RicoPonce
1%
NiederlandeSint Maarten
1%
SüdafrikaSun City
1%
SpanienArona
0%
MexikoCabo An Lucas
0%
IndienChandigarh
0%
USAFoxwoods
0%
BrasilienGramado
0%
IndienGuwahati
0%
PhilippinenMakati
0%
VenezuelaMargarita
0%
USAMyrtle Beach
0%
ÄgyptenNabq
0%
USAPigeon Forge
0%
TunesienPort El-Kantaoui
0%
BrasilienRibeirão Preto
0%
GuamTamuning
0%

Verteilung der Resultate

Perzentil nach korrekt beantworteten Fragen

Anzahl Personen mit jedem Resultat

Ihre Resultats-Entwicklung

Sie haben dieses Quiz noch nicht gespielt